| 000 | 00572nam a2200193 a 4500 | ||
|---|---|---|---|
| 008 | |||
| 020 | _a0314046755 | ||
| 049 | _aMAIN | ||
| 090 | _aQa76.7JOH | ||
| 100 | 1 | _aJohnson, Richard E. | |
| 245 | 1 | 0 |
_aA Model computer: algorithms for machine and assembly programming / _cRichard E. Johnson |
| 260 |
_aMinneapolis/St. Paul : _bWest Publishing, _cc1995 |
||
| 300 |
_avii, 162 p. ; _c28 cm. |
||
| 907 |
_a.b10088489 _b20-06-06 _c10-09-03 |
||
| 003 | |||
| 005 | 20230123133418.0 | ||
| 040 | _cNUST | ||
| 942 |
_cBOOKS _kQa76.7JOH |
||
| 999 |
_c148147 _d148147 |
||